Southville International School and Colleges
Your cart is empty.
  • Cart
  • Lists
    Public lists list_1 View all
    Your lists Log in to create your own lists
  • Log in to your account
  • Your cookies
  • Search history
Southville International School and Colleges
  • Advanced search
  • Recent comments
  • Most popular
  • Libraries

Log in to your account

Log in with GOOGLE


If you do not have an external account, but do have a local account, you can still log in:

  1. Home
  2. MARC view: Doom :
Normal view MARC view ISBD view

Doom : (Record no. 21360)

[ view plain ]
MARC details
000 -LEADER
fixed length control field 00536nam a2200181 a 4500
005 - DATE AND TIME OF LATEST TRANSACTION
control field 20140310183319.0
008 - FIXED-LENGTH DATA ELEMENTS--GENERAL INFORMATION
fixed length control field 060224s19uu xx 00 eng d
020 ## - INTERNATIONAL STANDARD BOOK NUMBER
International Standard Book Number 06715256622
050 ## - LIBRARY OF CONGRESS CALL NUMBER
Classification number PZ 7
Item number .H892 1996
100 ## - MAIN ENTRY--PERSONAL NAME
Personal name Hugh, Dafydd Ab.
245 ## - TITLE STATEMENT
Title Doom :
Remainder of title endgame /
Statement of responsibility, etc a novel by Dafydd ab Hugh and Brad Linaweaver, based on Doom, from id Software.
260 ## - PUBLICATION, DISTRIBUTION, ETC. (IMPRINT)
Place of publication, distribution, etc New York :
Name of publisher, distributor, etc id Software Inc,
Date of publication, distribution, etc 1996.
300 ## - PHYSICAL DESCRIPTION
Extent 250 p. :
Dimensions 18 cm.
650 ## - SUBJECT ADDED ENTRY--TOPICAL TERM
Topical term or geographic name as entry element Fiction.
700 ## - ADDED ENTRY--PERSONAL NAME
Personal name Linaweaver, Brad
942 ## - ADDED ENTRY ELEMENTS (KOHA)
Koha item type Books
Source of classification or shelving scheme Library of Congress Classification
Holdings
Withdrawn status Lost status Source of classification or shelving scheme Damaged status Home library Current library Shelving location Date acquired Total Checkouts Full call number Barcode Date last seen Copy number Price effective from Koha item type
    Library of Congress Classification   College Library College Library Fiction Section 02/24/2006   PZ 7 .H892 1996 C6684 04/24/2017 1 10/10/2013 Books

Doom :

APA

Hugh D. A., Linaweaver B., . (1996). Doom. New York: id Software Inc.

Chicago

Hugh Dafydd Ab, Linaweaver Brad, . 1996. Doom. New York: id Software Inc.

Harvard

Hugh D. A., Linaweaver B., . (1996). Doom. New York: id Software Inc.

MLA

Hugh Dafydd Ab, Linaweaver Brad, . Doom. New York: id Software Inc. 1996.

  • Place hold
  • Print
  • Cite
  • Add to your cart (remove)
  • Save record
    BIBTEX Dublin Core MARCXML MARC (non-Unicode/MARC-8) MARC (Unicode/UTF-8) MARC (Unicode/UTF-8, Standard) MODS (XML) RIS
  • More searches
    Search for this title in:
    Other Libraries (WorldCat) Other Databases (Google Scholar) Online Stores (Bookfinder.com) Open Library (openlibrary.org)

Exporting to Dublin Core...

SOUTHVILLE LIBRARY

Southville International School and Colleges Library

1281 Tropical Ave. Cor. Luxembourg St., BF Homes International, Las Pinas City

Tel. No. 8256374 / 252358 Loc. 117/146

Powered by Koha